| 000 | 01111nam2a22002531 4500 | ||
|---|---|---|---|
| 001 | RU\NLR\INFOCOMM55\1000068829 | ||
| 005 | 20040729130301.0 | ||
| 035 | _a(NLR Aleph) 002620911 | ||
| 090 |
_a3614425 _c3614425 |
||
| 100 | _a20040729d1983 |||y0rusy50 ca | ||
| 101 | 0 | _arus | |
| 102 | _aRU | ||
| 105 | _ay ||||||||| | ||
| 200 | 1 |
_aРазвитие щекинского метода организации труда и материального стимулирования на предприятиях Ростабакпрома _fТ.А. Козина и др. |
|
| 210 | _d1983 | ||
| 461 | 0 |
_1001RU\NLR\INFOCOMM55\1000068789 _12001#$aПищевая промышленность$eОбзор. информ.$hСерия13$iТабачная промышленность$fЦНИИ информ. и техн.-экон. исслед. пищ. пром-сти. ЦНИИТЭИпищепром$v1983, Вып.4 |
|
| 700 | 1 |
_aКозина _bТ. А. _4070 |
|
| 801 | 0 |
_aRU _bNLR _gPSBO |
|
| 801 | 1 |
_aRU _bInfoComm _c20040729 |
|
| 852 |
_aNLR _jП10/5614 |
||
| 942 | _cISSUE | ||
| 980 | _aNB | ||
| 980 | _aRUSPER | ||